000 00242nam a2200109Ia 4500
008 200302s9999 xx 000 0 und d
100 _aCatherine Revland
245 _aWindow Chic
260 _bHearst Books
260 _c1994
300 _a144 P.,
999 _c1337
_d1337